| 000 | 00684nam0a22002411 4500 | ||
|---|---|---|---|
| 001 | rc\3155961 | ||
| 005 | 20250530073152.0 | ||
| 021 |
_aRU _b[76-99807] |
||
| 035 | _a(NLR Aleph) 007299350 | ||
| 090 |
_a5693769 _c5693770 |
||
| 100 | _a20120615d1976 |||y0rusy50 ca | ||
| 101 | 1 |
_arus _cest |
|
| 102 | _aRU | ||
| 105 | _ac z |||a| | ||
| 200 | 1 |
_aПерекресток _eСтихи _eПер. с эст. _fАрви Сийг |
|
| 210 |
_aМосква _cСов. писатель _d1976 |
||
| 215 |
_a128 с. _cпортр. _d16 |
||
| 700 | 1 |
_aСийг _bА. _f1938- _gАрви |
|
| 801 | 0 |
_aRU _bNLR _gpsbo |
|
| 801 | 1 |
_aRU _bELAR _2rusmarc |
|
| 852 |
_aNLR _j77-2/1234 |
||
| 942 | _cBOOK | ||
| 980 | _aNB | ||